000 00749nam a22002417a 4500
003 UA-OsUOA
001 64269
007 ta
008 20091103b un ||||| |||| 00| 0 ukr d
100 _aГерасимчук В.
090 _a94(477).04:929
_bГ37
942 _cBK
040 _aUA-OsUOA
_bukr
_cUA-OsUOA
_dUA-OsUOA
245 _aМатеріали до історії козаччини XVII віку
_bВасиль Герасимчук: життя і творчість (1880-1944)
300 _a154 с.
955 _a2
041 _aukr
080 _a94(477).04:929
020 _a5-7702-0623-3
260 _aЛьвів
_bАтлас
_c1994
650 7 _a9 Географія. Біографії. Історія
_2UDC
999 _c350383
_d350383